000
00342nam a22001577a 4500
003
MPLRDC
005
20220104142924.0
008
210129b ||||| |||| 00| 0 eng d
082
_a
192.3 YB
100
_a
也白编著
245
_a
修养宝典
_c
260
_a
_b
同兴书局
_c
300
_b
平
650
_a
942
_c
BK
_o
192.3 YB
999
_c
34909
_d
34899